[Event "Zonal 3.3 Online"]
[Site "Tornelo INT"]
[Date "2021.05.03"]
[Round "3"]
[White "Tin, Jingyao"]
[Black "Poh, Yu Tian"]
[Result "1/2-1/2"]
[WhiteElo "2482"]
[BlackElo "2081"]
[PlyCount "124"]
[EventDate "2021.05.01"]
[EventType "swiss"]
[EventRounds "9"]
[EventCountry "PHI"]
[SourceTitle "CBM 202 Extra"]
[Source "ChessBase"]
[SourceDate "2021.07.31"]
[SourceVersion "1"]
[SourceVersionDate "2021.07.31"]
[SourceQuality "1"]

1. d4 Nf6 2. c4 g6 3. Nc3 d5 4. cxd5 Nxd5 5. Bd2 Nb6 6. Nf3 Bg7 7. Bg5 c5 8. dxc5 Bxc3+ 9. bxc3 Qxd1+ 10. Rxd1 Na4 11. Bh6 f6 12. e3 Nc6 13. Nd4 Nxc3 14. Rd2 Nxd4 15. Rxd4 Be6 16. Bc4 Bxc4 17. Rxc4 Nd5 18. e4 Nc7 19. Be3 Kd7 20. Ke2 Kc6 21. f4 Rad8 22. Rb1 Na6 23. a4 Rhe8 24. Rf1 f5 25. Rf3 e6 26. Rh3 Re7 27. Bd4 Red7 28. Ke3 Nc7 29. Rf3 Ne8 30. Rf2 Rf7 31. Rfc2 Nf6 32. Bxf6 Rxf6 33. Rd4 Rxd4 34. Kxd4 fxe4 35. Kxe4 Rf5 36. g4 Rd5 37. a5 Rd1 38. Ke5 Re1+ 39. Kf6 Re4 40. Rf2 Kxc5 41. Kg7 Kd4 42. Kxh7 Ke3 43. Rg2 Kf3 44. Rg3+ Kxf4 45. Kxg6 Re2 46. g5 Rxh2 47. Rb3 b6 48. Rb4+ Ke5 49. Rb5+ Kd6 50. axb6 axb6 51. Rxb6+ Ke7 52. Kg7 e5 53. g6 e4 54. Rb4 Rh4 55. Kg8 Kf6 56. g7 Rg4 57. Rb6+ Ke5 58. Kf7 Rxg7+ 59. Kxg7 e3 60. Kf7 Ke4 61. Re6+ Kf3 62. Rxe3+ Kxe3 1/2-1/2

[Event "Wch FIDE Online U12"]
[Site "Tornelo INT"]
[Date "2020.12.20"]
[Round "2.2"]
[White "Poh, Yu Tian"]
[Black "Seemann, Jakub"]
[Result "1-0"]
[WhiteElo "2017"]
[BlackElo "2323"]
[PlyCount "133"]
[EventDate "2020.12.19"]
[EventType "k.o. (rapid)"]
[EventRounds "4"]
[EventCountry "ISS"]
[SourceTitle "EXT 2022"]
[Source "ChessBase"]
[SourceDate "2021.10.06"]
[SourceVersion "1"]
[SourceVersionDate "2021.10.06"]
[SourceQuality "1"]

1. e4 c5 2. Nf3 d6 3. d4 cxd4 4. Nxd4 Nf6 5. Nc3 a6 6. Nb3 e6 7. g4 Be7 8. Be3 b5 9. e5 dxe5 10. Qxd8+ Bxd8 11. Bg2 b4 12. Bxa8 bxc3 13. bxc3 Nxg4 14. Bc5 f5 15. Rd1 Kf7 16. Ke2 Nd7 17. Bb4 Nb6 18. Ba5 Bc7 19. Bc6 e4 20. c4 Ne5 21. c5 Nbc4 22. Bxc7 Nxc6 23. c3 Re8 24. Nd4 Bb7 25. Rb1 Ba8 26. Rhd1 Rc8 27. Bd6 Ne7 28. Rb4 Bd5 29. Bxe7 Kxe7 30. Nxf5+ Kf6 31. Ne3 Rxc5 32. Nxc4 Bxc4+ 33. Kd2 Rd5+ 34. Ke1 Bd3 35. f3 exf3 36. Rf4+ Rf5 37. Rxf5+ Bxf5 38. Rd6 a5 39. Ra6 g5 40. Rxa5 g4 41. Rb5 h5 42. a4 h4 43. Kf2 Kg5 44. Ke3 Kf6 45. a5 e5 46. a6 g3 47. hxg3 h3 48. Rb2 Be6 49. Kxf3 Bd5+ 50. Ke3 Kg5 51. Rd2 Ba8 52. Rh2 Kg4 53. Kf2 Bc6 54. a7 Ba8 55. c4 Bc6 56. c5 Ba8 57. Kg1 Kxg3 58. Rc2 Bc6 59. Rc3+ Kg4 60. Kh2 e4 61. Rxh3 Kf4 62. Ra3 Ba8 63. Kg2 e3+ 64. Kf1 Ke5 65. c6 Kd6 66. Rc3 Kc7 67. Ke2 1-0

[Event "Wch FIDE Online U12"]
[Site "Tornelo INT"]
[Date "2020.12.20"]
[Round "2.3"]
[White "Seemann, Jakub"]
[Black "Poh, Yu Tian"]
[Result "1-0"]
[WhiteElo "2323"]
[BlackElo "2017"]
[PlyCount "63"]
[EventDate "2020.12.19"]
[EventType "k.o. (rapid)"]
[EventRounds "4"]
[EventCountry "ISS"]
[SourceTitle "EXT 2022"]
[Source "ChessBase"]
[SourceDate "2021.10.06"]
[SourceVersion "1"]
[SourceVersionDate "2021.10.06"]
[SourceQuality "1"]

1. e4 c5 2. Nf3 d6 3. d4 cxd4 4. Nxd4 Nf6 5. Nc3 a6 6. Bg5 e6 7. f4 Be7 8. Qf3 Qc7 9. 0-0-0 Nbd7 10. Bd3 h6 11. h4 Qb6 12. Nb3 Qc7 13. g4 Nb6 14. Bxf6 Bxf6 15. Ne2 Bd7 16. g5 Be7 17. g6 f6 18. Nbd4 0-0 19. Qh3 Qc8 20. f5 e5 21. Ne6 Re8 22. Ng3 d5 23. Nxg7 Kxg7 24. Nh5+ Kg8 25. Qe3 Bf8 26. g7 Bxg7 27. Rhg1 Re7 28. Qxh6 Rf7 29. Rxg7+ Kf8 30. Rxf7+ Kxf7 31. Qxf6+ Ke8 32. Ng7# 1-0

[Event "Wch FIDE Online U12"]
[Site "Tornelo INT"]
[Date "2020.12.19"]
[Round "1.2"]
[White "Poh, Yu Tian"]
[Black "Zhao, Erick"]
[Result "1-0"]
[WhiteElo "2017"]
[BlackElo "2039"]
[PlyCount "39"]
[EventDate "2020.12.19"]
[EventType "k.o. (rapid)"]
[EventRounds "4"]
[EventCountry "ISS"]
[SourceTitle "EXT 2022"]
[Source "ChessBase"]
[SourceDate "2021.10.06"]
[SourceVersion "1"]
[SourceVersionDate "2021.10.06"]
[SourceQuality "1"]

1. e4 c5 2. Nf3 d6 3. d4 cxd4 4. Nxd4 Nf6 5. Nc3 a6 6. Bg5 e6 7. f4 Be7 8. Qf3 0-0 9. 0-0-0 Qc7 10. Bd3 b5 11. e5 Bb7 12. Qh3 dxe5 13. Bxf6 g6 14. Bxe5 Bd6 15. Nxe6 fxe6 16. Qxe6+ Rf7 17. Qxd6 Qxd6 18. Bxd6 Bxg2 19. Rhg1 Bc6 20. f5 1-0

[Event "Wch FIDE Online U12"]
[Site "Tornelo INT"]
[Date "2020.12.19"]
[Round "1.1"]
[White "Zhao, Erick"]
[Black "Poh, Yu Tian"]
[Result "0-1"]
[WhiteElo "2039"]
[BlackElo "2017"]
[PlyCount "272"]
[EventDate "2020.12.19"]
[EventType "k.o. (rapid)"]
[EventRounds "4"]
[EventCountry "ISS"]
[SourceTitle "EXT 2022"]
[Source "ChessBase"]
[SourceDate "2021.10.06"]
[SourceVersion "1"]
[SourceVersionDate "2021.10.06"]
[SourceQuality "1"]

1. e4 c5 2. Nf3 d6 3. d4 cxd4 4. Nxd4 Nf6 5. Nc3 a6 6. h3 b5 7. g4 Bb7 8. Bg2 Nc6 9. Be3 Nxd4 10. Bxd4 e5 11. Be3 Be7 12. 0-0 0-0 13. g5 Nd7 14. Qg4 Rc8 15. a4 b4 16. Nd5 Bxd5 17. exd5 a5 18. Be4 g6 19. f4 exf4 20. Bxf4 Ne5 21. Bxe5 dxe5 22. h4 Rc4 23. Rad1 h5 24. gxh6 Bxh4 25. b3 Rc3 26. Rd3 Rxd3 27. Bxd3 Qg5 28. Qxg5 Bxg5 29. d6 Bxh6 30. d7 Rd8 31. Bb5 f5 32. Rd1 Be3+ 33. Kg2 Bd4 34. Kf3 Kg7 35. Ke2 g5 36. Rf1 Kg6 37. Bd3 e4 38. Bb5 f4 39. Rd1 f3+ 40. Kf1 Be5 41. Bc6 Kf5 42. Re1 g4 43. Rxe4 Rh8 44. Kf2 Rg8 45. Rc4 g3+ 46. Kxf3 g2 47. d8Q g1N+ 48. Kf2 Nh3+ 49. Kf3 Rxd8 50. Be4+ Kf6 51. Bd3 Ng5+ 52. Ke3 Ne6 53. Rc6 Rd6 54. Rc8 Bd4+ 55. Kd2 Nc5 56. Ra8 Nxd3 57. Kxd3 Bb6+ 58. Kc4 Bd8 59. Kc5 Rd2 60. Kb5 Ke7 61. Rc8 Kd7 62. Rc4 Rd5+ 63. Ka6 Bc7 64. Kb7 Bd6 65. Kb6 Be7 66. Rc7+ Ke6 67. Rc4 Ke5 68. Ka6 Kd6 69. Kb6 Bd8+ 70. Kb7 Rc5 71. Rd4+ Ke7 72. Re4+ Kd7 73. Rd4+ Ke7 74. Re4+ Kf7 75. Rd4 Bf6 76. Rd2 Bc3 77. Re2 Kf6 78. Kb6 Rd5 79. Kc6 Rf5 80. Kb6 Kg5 81. Re4 Kf6 82. Re8 Kf7 83. Re2 Bd4+ 84. Ka6 Bf6 85. Re4 Be7 86. Rc4 Ke8 87. Kb6 Rd5 88. Kc6 Rd6+ 89. Kb5 Bd8 90. Rg4 Kd7 91. Rg7+ Kc8 92. Rg4 Kb7 93. Rg7+ Bc7 94. Rf7 Rc6 95. Rf2 Bb6 96. Rf7+ Rc7 97. Rf5 Rxc2 98. Rf7+ Rc7 99. Rf5 Re7 100. Rd5 Re3 101. Rd7+ Bc7 102. Rd4 Rxb3 103. Rc4 Rc3 104. Rc6 Re3 105. Rc2 Re5+ 106. Kc4 Bb6 107. Rg2 Rc5+ 108. Kb3 Rc3+ 109. Kb2 Bd4 110. Rg4 Bf6 111. Rg6 Rf3+ 112. Kc2 b3+ 113. Kd2 b2 114. Rg1 Rb3 115. Kc2 Rb4 116. Rf1 Be5 117. Re1 b1Q+ 118. Rxb1 Rxb1 119. Kxb1 Kb6 120. Kc2 Kc5 121. Kb3 Kd4 122. Ka3 Kc4 123. Ka2 Kb4 124. Kb1 Kxa4 125. Ka2 Kb4 126. Kb1 Kb3 127. Kc1 a4 128. Kb1 a3 129. Kc1 a2 130. Kd2 a1Q 131. Kd3 Qd4+ 132. Ke2 Qe4+ 133. Kd2 Bf4+ 134. Kd1 Qc2+ 135. Ke1 Bg3+ 136. Kf1 Qf2# 0-1

[Event "Wch FIDE Online U12 Asia qual"]
[Site "Tornelo INT"]
[Date "2020.12.13"]
[Round "6"]
[White "Poh, Yu Tian"]
[Black "Xiao, Tong"]
[Result "1/2-1/2"]
[WhiteElo "2017"]
[BlackElo "1913"]
[PlyCount "114"]
[EventDate "2020.12.11"]
[EventType "swiss (rapid)"]
[EventRounds "7"]
[EventCountry "ISS"]
[SourceTitle "EXT 2022"]
[Source "ChessBase"]
[SourceDate "2021.10.06"]
[SourceVersion "1"]
[SourceVersionDate "2021.10.06"]
[SourceQuality "1"]

1. e4 c5 2. Nf3 a6 3. c4 Nc6 4. d4 cxd4 5. Nxd4 e5 6. Nf5 d5 7. cxd5 Bxf5 8. exf5 Nd4 9. Nc3 Nf6 10. Bd3 Be7 11. 0-0 Nxd5 12. Nxd5 Qxd5 13. Qg4 Bf6 14. Be4 Qd7 15. Bg5 0-0-0 16. Be3 Kb8 17. b4 Qb5 18. Bxd4 Rxd4 19. Qf3 Rc8 20. a4 Qc4 21. Rfe1 Qc3 22. b5 Qxf3 23. gxf3 a5 24. Red1 Rc5 25. Kg2 Kc7 26. Rac1 Kb6 27. Rxc5 Kxc5 28. Rc1+ Kb6 29. Ra1 Be7 30. Kg3 Bc5 31. Ra2 Kc7 32. Rc2 b6 33. Ra2 Kd6 34. Kg2 f6 35. h4 Rb4 36. Kg3 Rc4 37. h5 h6 38. Kg2 Rc1 39. Rd2+ Bd4 40. Rc2 Rxc2 41. Bxc2 Kc5 42. Kf1 Kc4 43. Ke2 Kc3 44. Bd1 Kb2 45. Ke1 Bc5 46. Ke2 Kc3 47. Ke1 Kd3 48. Be2+ Kd4 49. Bd1 e4 50. Ke2 exf3+ 51. Kxf3 Kd3 52. Bb3 Kd2 53. Kg3 Ke1 54. f3 Ke2 55. Bc4+ Ke3 56. Bb3 Bd6+ 57. Kg4 Kd4 1/2-1/2

[Event "Asia Nations online Cup"]
[Site "Chess.com INT"]
[Date "2020.10.10"]
[Round "1.6"]
[White "Morris, James"]
[Black "Poh, Yu Tian"]
[Result "1-0"]
[WhiteElo "2473"]
[BlackElo "2017"]
[PlyCount "149"]
[EventDate "2020.10.10"]
[EventType "team-swiss (rapid)"]
[EventRounds "9"]
[EventCountry "IND"]
[SourceTitle "CBM 198 Extra"]
[Source "ChessBase"]
[SourceDate "2020.11.30"]
[SourceVersion "1"]
[SourceVersionDate "2020.11.30"]
[SourceQuality "1"]
[WhiteTeam "Australia"]
[BlackTeam "Malaysia"]
[WhiteTeamCountry "AUS"]
[BlackTeamCountry "MAS"]

1. e4 c5 2. Nf3 d6 3. d4 cxd4 4. Nxd4 Nf6 5. Nc3 a6 6. g3 e5 7. Nb3 Be7 8. Bg2 Be6 9. 0-0 0-0 10. Nd5 Nxd5 11. exd5 Bf5 12. c4 Nd7 13. Be3 Rc8 14. Rc1 b5 15. cxb5 Rxc1 16. Qxc1 axb5 17. Qc6 Qa8 18. Qxb5 Qxa2 19. Nc1 Qa8 20. b4 Rc8 21. Nb3 Qa3 22. Na5 Rb8 23. Qa6 Bf8 24. b5 Nc5 25. Bxc5 Qxc5 26. Nc6 Rxb5 27. Qa8 g6 28. Ne7+ Kg7 29. Nxf5+ gxf5 30. Qd8 h6 31. Qd7 e4 32. Qxf5 Qxd5 33. Qg4+ Qg5 34. Qxe4 Re5 35. Qd3 Qf5 36. Qd4 Qf6 37. h4 Rf5 38. Qg4+ Kh8 39. Rb1 Re5 40. Be4 Qg7 41. Qf3 Rc5 42. Rb8 Re5 43. Kg2 Rc5 44. Bb1 Re5 45. Qd3 f5 46. Qxd6 Qb7+ 47. Kh2 Qe7 48. Rxf8+ Kg7 49. Qxe7+ Rxe7 50. Rxf5 Re1 51. Bd3 Re7 52. Kg2 Rd7 53. Be4 Re7 54. Kf3 Rd7 55. Kf4 Re7 56. g4 Rd7 57. g5 hxg5+ 58. hxg5 Re7 59. f3 Rd7 60. Rd5 Rf7+ 61. Bf5 Re7 62. Rd7 Rxd7 63. Bxd7 Kf7 64. Bf5 Kg7 65. Ke5 Kf7 66. f4 Ke7 67. Bb1 Kf7 68. f5 Kg7 69. f6+ Kf7 70. g6+ Kf8 71. g7+ Kf7 72. Ba2+ Kg6 73. g8Q+ Kh6 74. Kf5 Kh5 75. Qh7# 1-0

[Event "Penang Mini op 2nd"]
[Site "Penang"]
[Date "2019.06.07"]
[Round "5"]
[White "Pang, Tao"]
[Black "Poh, Yu Tian"]
[Result "1-0"]
[WhiteElo "2354"]
[BlackElo "1927"]
[PlyCount "109"]
[EventDate "2019.06.05"]
[EventType "swiss"]
[EventRounds "9"]
[EventCountry "MAS"]
[SourceTitle "CBM 190 Extra"]
[Source "ChessBase"]
[SourceDate "2019.07.15"]
[SourceVersion "1"]
[SourceVersionDate "2019.07.15"]
[SourceQuality "1"]

1. c4 Nf6 2. Nf3 g6 3. g3 Bg7 4. Bg2 0-0 5. 0-0 d5 6. cxd5 Nxd5 7. d4 c5 8. dxc5 Na6 9. a3 Nxc5 10. Qc2 Qc7 11. e4 Na6 12. Qxc7 Ndxc7 13. Nc3 b6 14. Be3 Bb7 15. Nd4 Rfd8 16. Rfd1 Nc5 17. Rab1 Bxd4 18. Bxd4 N7e6 19. Be3 Rxd1+ 20. Rxd1 Rd8 21. Nd5 Bxd5 22. exd5 Nf8 23. Rc1 Nb7 24. Rc7 Rd7 25. Rc8 Rd8 26. d6 Rxc8 27. Bxb7 Rb8 28. dxe7 Ne6 29. Bc6 Ng7 30. Bd4 Ne8 31. Bxe8 Rxe8 32. Bf6 g5 33. f4 gxf4 34. gxf4 h5 35. h4 Kh7 36. f5 b5 37. Kf2 a5 38. Ke3 b4 39. axb4 axb4 40. Kd4 b3 41. Kd5 Ra8 42. Kc6 Kh6 43. Kd7 Ra7+ 44. Ke8 Kh7 45. Kf8 Ra8+ 46. e8Q Rxe8+ 47. Kxe8 Kg8 48. Ke7 Kh7 49. Kxf7 Kh6 50. Bg5+ Kh7 51. f6 Kh8 52. Kg6 Kg8 53. Bh6 Kh8 54. Bg7+ Kg8 55. f7# 1-0